На сколько вам повезло(9 вариантов) - Statistics

General Stats
  • This quiz has been taken 8 157 times
  • The average score is 20 of 45
Answer Stats
Question Tile Select % Correct
Выберите 5 плиток Плитка Yes
65%
Выберите 5 плиток Плитка Yes
55%
Выберите 5 плиток Плитка Yes
53%
Выберите 5 плиток Плитка No
51%
Выберите 5 плиток Плитка No
51%
Выберите 5 плиток Плитка Yes
51%
Выберите 5 плиток Плитка No
50%
Выберите 5 плиток Плитка Yes
49%
Выберите 5 плиток Плитка No
49%
Выберите 5 плиток Плитка Yes
49%
Выберите 5 плиток Плитка Yes
48%
Выберите 5 плиток Плитка No
47%
Выберите 5 плиток Плитка Yes
47%
Выберите 5 плиток Плитка Yes
46%
Выберите 5 плиток Плитка No
46%
Выберите 5 плиток Плитка Yes
45%
Выберите 5 плиток Плитка Yes
45%
Выберите 5 плиток Плитка Yes
45%
Выберите 5 плиток Плитка Yes
45%
Выберите 5 плиток Плитка No
44%
Выберите 5 плиток Плитка No
44%
Выберите 5 плиток Плитка Yes
44%
Выберите 5 плиток Плитка Yes
44%
Выберите 5 плиток Плитка No
43%
Выберите 5 плиток Плитка No
43%
Выберите 5 плиток Плитка No
43%
Выберите 5 плиток Плитка Yes
42%
Выберите 5 плиток Плитка Yes
42%
Выберите 5 плиток Плитка Yes
42%
Выберите 5 плиток Плитка No
41%
Выберите 5 плиток Плитка Yes
41%
Выберите 5 плиток Плитка Yes
41%
Выберите 5 плиток Плитка No
41%
Выберите 5 плиток Плитка No
40%
Выберите 5 плиток Плитка Yes
40%
Выберите 5 плиток Плитка No
40%
Выберите 5 плиток Плитка No
39%
Выберите 5 плиток Плитка Yes
39%
Выберите 5 плиток Плитка No
39%
Выберите 5 плиток Плитка No
38%
Выберите 5 плиток Плитка Yes
37%
Выберите 5 плиток Плитка Yes
36%
Выберите 5 плиток Плитка Yes
35%
Выберите 5 плиток Плитка No
34%
Выберите 5 плиток Плитка No
33%
No matching quizzes found
Score Distribution
Percent of People with Each Score
Percentile by Number Answered
Your Score History
You have not taken this quiz